[Event "ROM-ch U20"]
[Site "Calimanesti Caciulata"]
[Date "2016.04.18"]
[Round "1"]
[White "Mocanu, Victor Valentin"]
[Black "Barbul, Ionel"]
[Result "1-0"]
[WhiteElo "2057"]
[BlackElo "1716"]
[PlyCount "91"]
[EventDate "2016.04.18"]
[EventType "tourn"]
[EventRounds "7"]
[EventCountry "ROU"]
[SourceTitle "CBM 172 Extra"]
[Source "ChessBase"]
[SourceDate "2016.06.21"]
[SourceVersion "1"]
[SourceVersionDate "2016.06.21"]
[SourceQuality "1"]

1. e4 c5 2. Nf3 Nc6 3. Bb5 g6 4. Bxc6 bxc6 5. d3 Bg7 6. 0-0 Nf6 7. Nc3 0-0 8. Re1 Qc7 9. Bg5 d6 10. h3 h6 11. Bh4 g5 12. Bg3 g4 13. hxg4 Bxg4 14. Qe2 Nh5 15. Bh2 e5 16. Qe3 f5 17. exf5 Rxf5 18. Nh4 Rf6 19. Ne4 Rf7 20. c3 Raf8 21. f3 Be6 22. Ng6 Rb8 23. g4 Nf6 24. Nxc5 dxc5 25. Bxe5 Qc8 26. Bxb8 Qxb8 27. Ne5 Nd5 28. Qe4 Bxe5 29. Qxe5 Qxe5 30. Rxe5 Bd7 31. Rf1 Nf4 32. Rxc5 Nxd3 33. Ra5 Be6 34. b3 Bd5 35. f4 Nxf4 36. Kh2 Be6 37. Ra4 Ne2 38. Rxf7 Bxf7 39. c4 Nc3 40. Rxa7 Nb1 41. Rc7 Be8 42. a4 Nd2 43. a5 Nxb3 44. a6 Nc5 45. a7 Na6 46. Re7 1-0

[Event "ROM-chT "]
[Site "Mamaia"]
[Date "2015.10.08"]
[Round "6.2"]
[White "Mocanu, Victor Valentin"]
[Black "Tomici, Stefan"]
[Result "1/2-1/2"]
[WhiteElo "2081"]
[BlackElo "2308"]
[PlyCount "95"]
[EventDate "2015.10.03"]
[EventType "team-tourn"]
[EventRounds "9"]
[EventCountry "ROU"]
[SourceTitle "CBM 168 Extra"]
[Source "ChessBase"]
[SourceDate "2015.10.29"]
[SourceVersion "1"]
[SourceVersionDate "2015.10.29"]
[SourceQuality "1"]
[WhiteTeam "Galati CC"]
[BlackTeam "Timisoara Medicina"]
[WhiteTeamCountry "ROU"]
[BlackTeamCountry "ROU"]

1. e4 e5 2. Nf3 Nc6 3. Bc4 Nf6 4. d3 Be7 5. Bb3 0-0 6. 0-0 h6 7. h3 d6 8. c3 Nh7 9. Nbd2 Ng5 10. Nc4 Be6 11. Ne3 Qd7 12. Qe2 Rae8 13. Nh2 Bd8 14. Nd5 f5 15. Bxg5 Bxg5 16. Nf3 Bd8 17. Ne3 f4 18. Bxe6+ Qxe6 19. Nd5 Nb8 20. Nh2 c6 21. Nb4 Nd7 22. Qg4 Qf7 23. a4 Nf6 24. Qe2 a5 25. Nc2 Bb6 26. b4 d5 27. Rab1 axb4 28. cxb4 Qg6 29. Rfe1 dxe4 30. dxe4 Rd8 31. Nf3 Rfe8 32. a5 Ba7 33. a6 b5 34. Nh4 Qg3 35. Nf3 Rd7 36. Rf1 Qg6 37. Rfe1 Ree7 38. Nh4 Qe8 39. Nf5 Rf7 40. Red1 Qd8 41. Ne1 Nxe4 42. Rxd7 Qxd7 43. Nxh6+ gxh6 44. Qxe4 Qd2 45. Qg6+ Rg7 46. Qe6+ Kh7 47. Qf5+ Kg8 48. Qe6+ 1/2-1/2

[Event "ROM-ch U18"]
[Site "Calimanesti"]
[Date "2015.04.05"]
[Round "8"]
[White "Gheorghiu, Calin"]
[Black "Mocanu, Victor Valentin"]
[Result "1-0"]
[WhiteElo "2346"]
[BlackElo "2019"]
[PlyCount "75"]
[EventDate "2015.03.30"]
[EventType "swiss"]
[EventRounds "9"]
[EventCountry "ROU"]
[SourceTitle "CBM 165 Extra"]
[Source "ChessBase"]
[SourceDate "2015.04.21"]
[SourceVersion "1"]
[SourceVersionDate "2015.04.21"]
[SourceQuality "1"]

1. e4 e5 2. Nf3 Nc6 3. d4 exd4 4. Nxd4 Bc5 5. Nb3 Bb6 6. Nc3 Qf6 7. Qe2 Nge7 8. Be3 0-0 9. 0-0-0 d6 10. h4 Be6 11. Kb1 Rfe8 12. f4 Bg4 13. Qxg4 Bxe3 14. g3 Nd4 15. Rd3 Nxb3 16. Rxe3 Nd2+ 17. Kc1 Nxf1 18. Rxf1 Rad8 19. Qf3 c6 20. h5 Nc8 21. g4 Qe6 22. Rfe1 Nb6 23. b3 a5 24. a4 Qd7 25. Rd1 Qe7 26. Red3 Nc8 27. g5 Qe6 28. Kb1 f5 29. gxf6 Qxf6 30. Ne2 Rf8 31. f5 Rfe8 32. Nf4 Re5 33. h6 Qxh6 34. Rh1 Qf6 35. Qh3 h6 36. Nh5 Qf8 37. Rg3 Rd7 38. Rhg1 1-0

[Event "ROM-ch U18"]
[Site "Calimanesti"]
[Date "2015.04.03"]
[Round "6"]
[White "Mocanu, Victor Valentin"]
[Black "Gheorghe, Darius Daniel"]
[Result "1-0"]
[WhiteElo "2019"]
[BlackElo "2052"]
[PlyCount "98"]
[EventDate "2015.03.30"]
[EventType "swiss"]
[EventRounds "9"]
[EventCountry "ROU"]
[SourceTitle "CBM 165 Extra"]
[Source "ChessBase"]
[SourceDate "2015.04.21"]
[SourceVersion "1"]
[SourceVersionDate "2015.04.21"]
[SourceQuality "1"]

1. e4 e5 2. Nf3 Nc6 3. Bb5 a6 4. Ba4 Nf6 5. 0-0 Be7 6. Re1 b5 7. Bb3 0-0 8. a4 Bb7 9. d3 d6 10. Nbd2 Nd7 11. axb5 axb5 12. Rxa8 Bxa8 13. c3 Nc5 14. Bc2 Ne6 15. Nf1 Nf4 16. d4 Bf6 17. Bxf4 exf4 18. Qd3 g6 19. Qxb5 Qd7 20. Ra1 Rb8 21. Rxa8 Rxa8 22. Ba4 Ne5 23. Qxd7 Nxd7 24. Bxd7 Ra2 25. Ne1 c5 26. dxc5 dxc5 27. Nd3 c4 28. Nxf4 Rxb2 29. Nd5 Be5 30. g3 Rc2 31. Nfe3 Rc1+ 32. Kg2 Bxc3 33. Nxc3 Rxc3 34. Bb5 h5 35. h4 f6 36. Bxc4+ Kg7 37. Be6 g5 38. Nf5+ Kf8 39. f4 g4 40. Kf2 Rf3+ 41. Ke2 Ke8 42. Bc4 Kf8 43. Kd2 Ke8 44. Be2 Ra3 45. Ng7+ Kf7 46. Nxh5 Ra4 47. Bxg4 Rxe4 48. Bf3 Ra4 49. g4 Kg6 1-0

[Event "ROM-ch U18"]
[Site "Calimanesti"]
[Date "2015.04.01"]
[Round "3"]
[White "Mocanu, Victor Valentin"]
[Black "Vrajitoru, Vlad Laurentiu Flor"]
[Result "1/2-1/2"]
[WhiteElo "2019"]
[BlackElo "1925"]
[PlyCount "68"]
[EventDate "2015.03.30"]
[EventType "swiss"]
[EventRounds "9"]
[EventCountry "ROU"]
[SourceTitle "CBM 165 Extra"]
[Source "ChessBase"]
[SourceDate "2015.04.21"]
[SourceVersion "1"]
[SourceVersionDate "2015.04.21"]
[SourceQuality "1"]

1. e4 c6 2. d4 d5 3. exd5 cxd5 4. Bd3 Nc6 5. c3 Nf6 6. Bf4 Bg4 7. Qb3 Na5 8. Qa4+ Bd7 9. Qc2 Qb6 10. a4 Rc8 11. Nd2 Nc4 12. Ra2 g6 13. Ne2 Bg7 14. h3 0-0 15. 0-0 Rfe8 16. Nf3 Na5 17. Ng3 a6 18. Re1 Nc4 19. Ne5 Be6 20. Re2 Nd7 21. Nxc4 dxc4 22. Be4 Nf6 23. Bf3 Bd5 24. Ne4 Nxe4 25. Bxe4 Qc6 26. Ra1 Rcd8 27. Rae1 e6 28. Be5 Bxe4 29. Rxe4 Rd5 30. Bxg7 Kxg7 31. Re5 Red8 32. Rxd5 Rxd5 33. Re5 Rxe5 34. dxe5 Qd5 1/2-1/2

[Event "ROM-ch U18"]
[Site "Calimanesti"]
[Date "2014.04.10"]
[Round "6"]
[White "Mocanu, Victor Valentin"]
[Black "Lupascu, Matei Alexandru"]
[Result "0-1"]
[WhiteElo "1909"]
[BlackElo "2067"]
[PlyCount "170"]
[EventDate "2014.04.06"]
[EventType "swiss"]
[EventRounds "9"]
[EventCountry "ROU"]
[SourceTitle "CBM 160 Extra"]
[Source "ChessBase"]
[SourceDate "2014.07.01"]
[SourceVersion "1"]
[SourceVersionDate "2014.07.01"]
[SourceQuality "1"]

1. e4 c5 2. Nf3 e6 3. d4 cxd4 4. Nxd4 a6 5. c4 Nf6 6. Nc3 Bb4 7. Bd3 Nc6 8. Nc2 Be7 9. Be3 Qc7 10. f4 d6 11. 0-0 b6 12. Rc1 Bb7 13. Qe2 Rc8 14. Na1 Nb8 15. b4 Nbd7 16. Nb3 Qb8 17. a3 Qa8 18. Bd2 0-0 19. Rce1 Rfd8 20. Bb1 Bf8 21. e5 Ne8 22. Ne4 d5 23. Ng5 g6 24. Qg4 Bg7 25. cxd5 Bxd5 26. Nc1 Nf8 27. Rf2 Rd7 28. Ne4 Rcd8 29. Bc3 Qc6 30. Bb2 a5 31. Qg3 axb4 32. axb4 Qa4 33. Qa3 Bc6 34. Qxa4 Bxa4 35. Nc3 Bc6 36. b5 Ba8 37. Na4 Rb8 38. Nb3 Nc7 39. Nd4 Nd5 40. Be4 Ra7 41. Nc3 Nxc3 42. Bxc3 Bxe4 43. Rxe4 Ra4 44. Nc6 Rxe4 45. Nxb8 g5 46. g3 Rc4 47. Bd2 Rc5 48. Nc6 Ng6 49. Nd4 Rd5 50. Be3 gxf4 51. gxf4 Bf8 52. Kg2 Bc5 53. Rd2 Nxf4+ 54. Bxf4 Rxd4 55. Rxd4 Bxd4 56. Kf3 Kg7 57. Ke4 Bc5 58. Bg5 Kf8 59. h3 Be7 60. Be3 Bd8 61. Bd4 Kg7 62. Kf4 Kg6 63. Kg4 Bc7 64. Bc3 h5+ 65. Kh4 Bd8+ 66. Kg3 f6 67. Kf3 Kf5 68. exf6 Bxf6 69. Bd2 Bd4 70. Be1 Bc5 71. Bh4 e5 72. Bd8 e4+ 73. Kg3 Bd4 74. h4 Ke5 75. Bc7+ Kd5 76. Kf4 e3 77. Kf3 Kc4 78. Bf4 Kd3 79. Bg3 Bc5 80. Be1 Kc4 81. Kf4 Kxb5 82. Kg5 Bb4 83. Bg3 e2 84. Kxh5 e1Q 85. Bxe1 Bxe1 0-1